000 01029nam a2200301 4500
003 OSt
005 20260530113859.0
008 260421b2015 mx a|||| |||| 00| 0 spa d
020 _a9786079587024
040 _aICI
_bspa
_cICI
050 _aNA759
_b.D57 2015
100 1 _aRoberto Rojas Argüelles
_932038
110 2 _aPRECOOR
_932039
245 1 0 _aDiseño arquitectónico :
_bPRECOOR, 28 años /
_cPRECOOR
264 1 _bPRECOOR
_c2015
_aMéxico :
300 _a84 páginas
_bilustraciones a color ;
_c28 cm
336 _atexto
_2rdacontent
337 _asin medio
_2rdamedia
338 _avolumen
_2rdacarrier
500 _aPublicación conmemorativa de los 28 años de trayectoria de PRECOOR
650 _aArquitectura
_ySiglo XXI
_zMéxico
_932040
650 _aArquitectura mexicana
_932041
650 _aDiseño arquitectónico
_932042
650 _aProyectos arquitectónicos
_zMéxico
_932043
650 _aEmpresas de arquitectura
_zMéxico
_932044
655 _2local
_aLibros conmemorativos
_932045
942 _2lcc
_cBK
999 _c11712
_d11712